| 000 | 00452nam a22001817a 4500 | ||
|---|---|---|---|
| 003 | CEME | ||
| 005 | 20210628203256.0 | ||
| 008 | 210122b xxu||||| |||| 00| 0 eng d | ||
| 040 | _c. | ||
| 082 | _a158.7 MAI | ||
| 100 |
_aMaier, Norman R.F _960601 |
||
| 245 | _aPsychology in industry | ||
| 250 | _a3RD | ||
| 260 |
_aISLAMABAD _bNATIONAL BOOK FOUNDATION _c2007 |
||
| 300 | _aX,718 P | ||
| 650 |
_aPSYCHOLOGY IN INDUSTRY _964446 |
||
| 942 |
_cBK _2ddc |
||
| 999 |
_c572930 _d572930 |
||